[Event "Liga Vasca 2010 - Division de Honor"]
[Site "Euskadi ESP"]
[Date "2010.02.27"]
[Round "7.52"]
[White "Rebole Arbea, Jose Ignacio"]
[Black "Perez de Miguel, Alvaro"]
[Result "1/2-1/2"]
[WhiteElo "2236"]
[BlackElo "2193"]
[PlyCount "131"]
[EventDate "2010.01.09"]
[EventType "team"]
[EventRounds "9"]
[EventCountry "ESP"]
[Source "lmi"]
[SourceDate "2010.01.09"]

1. g3 Nf6 2. Bg2 d5 3. c4 c6 4. Nf3 g6 5. O-O Bg7 6. d4 O-O 7. b3 a5 8. Nc3 Bf5
9. Ne5 Ne4 10. Nxe4 dxe4 11. c5 Nd7 12. Bb2 Nxe5 13. dxe5 Qc7 14. Qd4 Rfd8 15.
Qc3 Rd5 16. f4 exf3 17. Qxf3 Be6 18. Qe3 Rd7 19. Rad1 a4 20. Rxd7 Qxd7 21. Qc3
h5 22. Be4 axb3 23. axb3 Rd8 24. b4 Qd2 25. Kf2 Bg4 26. Re1 h4 27. Qxd2 Rxd2
28. Bc3 Ra2 29. gxh4 Bh6 30. Bd3 Ra3 31. Bd4 Bf4 32. Rg1 Bh5 33. Ra1 Rxa1 34.
Bxa1 Bd2 35. b5 Bb4 36. Bd4 Bg4 37. bxc6 bxc6 38. Be4 Bd7 39. Kf3 Be1 40. Bf2
Bc3 41. Kf4 Kg7 42. Bf3 Kh6 43. Be3 f5 44. exf6 exf6 45. Ke4+ Kg7 46. Bd4 Bd2
47. Kd3 Bf4 48. Bg1 Kf7 49. h5 g5 50. h3 Kg7 51. Bd4 Bc7 52. Bg4 Be8 53. Ke4
Bd8 54. Kf3 Kh6 55. Kf2 Be7 56. e4 Bd8 57. Kg2 Kg7 58. h4 gxh4 59. Kh3 Kh6 60.
Be3+ Kg7 61. h6+ Kh7 62. Bf5+ Bg6 63. Kxh4 Bxf5 64. exf5 Be7 65. Bd4 Kxh6 66.
Kg4 1/2-1/2

[Event "Liga Vasca 2010 - Division de Honor"]
[Site "Euskadi ESP"]
[Date "2010.02.27"]
[Round "7.53"]
[White "Villalta Bustillo, Igor"]
[Black "Olazagoitia Rodriguez, Jose"]
[Result "1-0"]
[WhiteElo "2157"]
[BlackElo "2190"]
[PlyCount "69"]
[EventDate "2010.01.09"]
[EventType "team"]
[EventRounds "9"]
[EventCountry "ESP"]
[Source "lmi"]
[SourceDate "2010.01.09"]

1. d4 Nf6 2. Nf3 c5 3. e3 g6 4. c4 Bg7 5. Nc3 O-O 6. Be2 cxd4 7. exd4 d5 8. O-O
Nc6 9. Bg5 Be6 10. c5 Ne4 11. Be3 f5 12. Qc1 Kh8 13. Bh6 Rg8 14. Bxg7+ Rxg7 15.
Bb5 Qc7 16. Bxc6 bxc6 17. Ne5 Nxc5 18. Qf4 Na6 19. Rac1 g5 20. Qd2 Rc8 21. Na4
Bd7 22. Qe2 Nb8 23. Nc5 Qd6 24. Rc3 Be8 25. Ned3 Rg6 26. Ra3 Rh6 27. g3 Rc7 28.
Rb3 Nd7 29. Re1 Nb6 30. Ne6 Bh5 31. Qe5+ Qxe5 32. Rxe5 Rc8 33. Nxg5 Nc4 34.
Rxe7 Rg6 35. Rxh7+ 1-0

[Event "Liga Vasca 2010 - Division de Honor"]
[Site "Euskadi ESP"]
[Date "2010.02.27"]
[Round "7.54"]
[White "Blanco Sisniega, Jonas"]
[Black "Gutierrez Bustillo, Diego"]
[Result "0-1"]
[WhiteElo "1771"]
[BlackElo "2020"]
[PlyCount "64"]
[EventDate "2010.01.09"]
[EventType "team"]
[EventRounds "9"]
[EventCountry "ESP"]
[Source "lmi"]
[SourceDate "2010.01.09"]

1. e4 e5 2. Nf3 Nf6 3. Nxe5 d6 4. Nf3 Nxe4 5. Nc3 Nxc3 6. dxc3 Be7 7. Be3 Nc6
8. Qd2 Be6 9. O-O-O O-O 10. Kb1 Ne5 11. Nd4 Bc4 12. b3 Bxf1 13. Rhxf1 Qd7 14.
h3 c5 15. Ne2 Qb5 16. Nf4 Rfc8 17. Qd5 Rc6 18. c4 Qa5 19. Bd2 Qa6 20. Bc3 b5
21. cxb5 Qxb5 22. Bxe5 dxe5 23. c4 Qa6 24. Qd7 exf4 25. Qxe7 Rcc8 26. Rd7 Qg6+
27. Kc1 Re8 28. Qd6 Qxg2 29. Rd1 f3 30. Qd5 Qg6 31. Qxa8 Qg5+ 32. Kc2 Rxa8 0-1

[Event "Liga Vasca 2010 - Division de Honor"]
[Site "Euskadi ESP"]
[Date "2010.03.06"]
[Round "8.11"]
[White "Franco Alonso, Alejandro"]
[Black "Garbisu de Goñi, Unai"]
[Result "1/2-1/2"]
[WhiteElo "2472"]
[BlackElo "2458"]
[PlyCount "41"]
[EventDate "2010.01.09"]
[EventType "team"]
[EventRounds "9"]
[EventCountry "ESP"]
[Source "lmi"]
[SourceDate "2010.01.09"]

1. Nf3 f5 2. d3 d5 3. c4 dxc4 4. Qa4+ Nc6 5. Qxc4 e5 6. e4 Nf6 7. Be2 Qd6 8. a3
Qc5 9. Nbd2 Qxc4 10. Nxc4 fxe4 11. dxe4 Nxe4 12. Ncxe5 Nxe5 13. Nxe5 Bc5 14.
O-O Nd6 15. Nd3 Bb6 16. Nf4 c6 17. Rd1 Ne4 18. Be3 Bxe3 19. fxe3 Ke7 20. Rd4
Nd6 21. Rad1 1/2-1/2

[Event "Liga Vasca 2010 - Division de Honor"]
[Site "Euskadi ESP"]
[Date "2010.03.06"]
[Round "8.12"]
[White "Rada Equiza, Miguel"]
[Black "Huerga Leache, Mikel"]
[Result "1/2-1/2"]
[WhiteElo "2262"]
[BlackElo "2435"]
[PlyCount "60"]
[EventDate "2010.01.09"]
[EventType "team"]
[EventRounds "9"]
[EventCountry "ESP"]
[Source "lmi"]
[SourceDate "2010.01.09"]

1. e4 c5 2. Nf3 Nc6 3. d4 cxd4 4. Nxd4 e5 5. Nb5 a6 6. Nd6+ Bxd6 7. Qxd6 Qf6 8.
Qxf6 Nxf6 9. Nc3 Nb4 10. Bd3 h6 11. Be3 Nxd3+ 12. cxd3 d6 13. O-O Be6 14. f4 b5
15. a3 Rc8 16. h3 Bb3 17. Rac1 Ke7 18. d4 Nd7 19. fxe5 dxe5 20. dxe5 Nxe5 21.
Bd4 f6 22. Bxe5 fxe5 23. Rf5 Be6 24. Rff1 Rhd8 25. Rcd1 Bc4 26. Rxd8 Rxd8 27.
Rd1 Rxd1+ 28. Nxd1 Bd3 29. Nc3 Kd6 30. b4 Bc4 1/2-1/2

[Event "Liga Vasca 2010 - Division de Honor"]
[Site "Euskadi ESP"]
[Date "2010.03.06"]
[Round "8.13"]
[White "Gonzalez de la Torre, Santiago"]
[Black "Rebole Arbea, Jose Ignacio"]
[Result "1-0"]
[WhiteElo "2405"]
[BlackElo "2236"]
[PlyCount "91"]
[EventDate "2010.01.09"]
[EventType "team"]
[EventRounds "9"]
[EventCountry "ESP"]
[Source "lmi"]
[SourceDate "2010.01.09"]

1. e4 c5 2. Nf3 Nc6 3. d4 cxd4 4. Nxd4 e5 5. Nb5 d6 6. N1c3 a6 7. Na3 b5 8. Nd5
Nge7 9. c4 Nxd5 10. cxd5 Nd4 11. Bd3 Be7 12. Be3 Qa5+ 13. Qd2 Qxd2+ 14. Kxd2
O-O 15. f4 f5 16. Bxd4 fxe4 17. Bxe4 exd4 18. Rhf1 Bf5 19. Rae1 Bd8 20. Nc2 Rc8
21. Kd3 Ba5 22. Re2 Bxe4+ 23. Rxe4 Rf5 24. g4 Rxd5 25. Rxd4 Rxd4+ 26. Nxd4 Bb6
27. Nf5 Kf8 28. Re1 g6 29. Ng3 Rc4 30. Ne2 d5 31. b3 Re4 32. Rc1 Be3 33. Rc8+
Kg7 34. Nc3 Re6 35. Rc7+ Kf8 36. Nxd5 Bg1 37. Rxh7 Rd6 38. Ke4 Re6+ 39. Kf3 Rd6
40. Nc7 Bd4 41. f5 gxf5 42. gxf5 Kg8 43. Re7 Bg1 44. Re6 Bxh2 45. Rxd6 Bxd6 46.
Nxa6 1-0

[Event "Liga Vasca 2010 - Division de Honor"]
[Site "Euskadi ESP"]
[Date "2010.03.06"]
[Round "8.14"]
[White "Olazagoitia Rodriguez, Jose"]
[Black "Argandoña Rivero, Iñigo"]
[Result "0-1"]
[WhiteElo "2190"]
[BlackElo "2382"]
[PlyCount "126"]
[EventDate "2010.01.09"]
[EventType "team"]
[EventRounds "9"]
[EventCountry "ESP"]
[Source "lmi"]
[SourceDate "2010.01.09"]

1. e4 d6 2. d4 Nf6 3. Nc3 e5 4. Nf3 Nbd7 5. Bc4 Be7 6. O-O Nb6 7. Bb3 exd4 8.
Qxd4 O-O 9. h3 a5 10. a4 Nfd7 11. Be3 Nc5 12. Qd2 Nxb3 13. cxb3 Nd7 14. Nd5 Nc5
15. Qc2 b6 16. b4 axb4 17. Nxb4 Qe8 18. Nd5 Bd8 19. Bxc5 dxc5 20. a5 Rxa5 21.
Rxa5 bxa5 22. Re1 Qc6 23. Nd4 Qd6 24. Nb5 Qg6 25. Qxc5 c6 26. Nbc3 cxd5 27.
Qxc8 dxe4 28. Rxe4 Qb6 29. Na4 Qd6 30. Qc5 Bc7 31. Qxd6 Bxd6 32. Rd4 Bb4 33. g3
g6 34. Kg2 Rc8 35. h4 Rc2 36. g4 h6 37. b3 Kg7 38. Rf4 Rd2 39. Rf3 Rd4 40. Kh3
Be7 41. Re3 Kf8 42. Nc3 f5 43. gxf5 Rxh4+ 44. Kg3 gxf5 45. Nd5 Rd4 46. Rxe7
Rxd5 47. Ra7 h5 48. Kf4 h4 49. Rh7 Rd2 50. Kxf5 Rxf2+ 51. Ke4 Re2+ 52. Kd3 Rh2
53. Rh5 h3 54. Kc3 Rh1 55. Kb2 Kg7 56. Rxa5 Kg6 57. Ra8 Kg5 58. b4 Rf1 59. b5
h2 60. Rg8+ Kh4 61. Rh8+ Kg3 62. Kc3 Rf3+ 63. Kc4 Rf4+ 0-1

[Event "Liga Vasca 2010 - Division de Honor"]
[Site "Euskadi ESP"]
[Date "2010.03.06"]
[Round "8.31"]
[White "Miguel Quintero, Antonio"]
[Black "Iruzubieta Villaluenga, Jesus M"]
[Result "1/2-1/2"]
[WhiteElo "2181"]
[BlackElo "2416"]
[PlyCount "75"]
[EventDate "2010.01.09"]
[EventType "team"]
[EventRounds "9"]
[EventCountry "ESP"]
[Source "lmi"]
[SourceDate "2010.01.09"]

1. e4 e5 2. Nf3 Nc6 3. Nc3 Nf6 4. d4 exd4 5. Nxd4 Bc5 6. Nxc6 bxc6 7. Bd3 d6 8.
O-O Ng4 9. h3 Ne5 10. Na4 Nxd3 11. Qxd3 Bb6 12. Nxb6 axb6 13. Qc3 O-O 14. Qxc6
Ra5 15. Qc3 Rc5 16. Qd3 f5 17. Be3 Re5 18. exf5 Bxf5 19. Qd2 Qe8 20. Bf4 Re2
21. Rae1 Rxd2 22. Rxe8 Rxe8 23. Bxd2 Re2 24. Bc3 Kf7 25. Rc1 Bxc2 26. Re1 Rxe1+
27. Bxe1 c5 28. Bc3 g6 29. Kf1 Bd3+ 30. Ke1 Ke6 31. g3 Kd5 32. Bf6 Bb1 33. a3
Kc4 34. Kd2 Bf5 35. h4 d5 36. Bd8 b5 37. Bb6 d4 38. b4 1/2-1/2

[Event "Liga Vasca 2010 - Division de Honor"]
[Site "Euskadi ESP"]
[Date "2010.03.06"]
[Round "8.32"]
[White "Ruiz Gomez, Alejandro"]
[Black "Alcaide Luque, Aitor"]
[Result "1/2-1/2"]
[WhiteElo "2357"]
[BlackElo "2144"]
[PlyCount "110"]
[EventDate "2010.01.09"]
[EventType "team"]
[EventRounds "9"]
[EventCountry "ESP"]
[Source "lmi"]
[SourceDate "2010.01.09"]

1. e4 e6 2. d4 d5 3. Nc3 Nf6 4. e5 Nfd7 5. f4 c5 6. Nf3 Nc6 7. Be3 cxd4 8. Nxd4
Bc5 9. Qd2 O-O 10. Nb3 Bxe3 11. Qxe3 Ndxe5 12. fxe5 d4 13. Nxd4 Qxd4 14. Qxd4
Nxd4 15. O-O-O Nc6 16. Re1 Bd7 17. a3 Ne7 18. g3 Bc6 19. Rg1 Rfd8 20. Bd3 Rac8
21. Rgf1 Rc7 22. Rf2 a6 23. h4 h6 24. Kb1 Bd5 25. Rf4 Bc6 26. Kc1 Nd5 27. Rd4
Rf8 28. Ne4 Nb6 29. Nd6 Nd7 30. Kd2 Nc5 31. Bc4 b5 32. Ba2 Na4 33. b4 Nb6 34.
c4 bxc4 35. Bxc4 Ra8 36. Rc1 Nd7 37. Re1 Nb6 38. Bd3 Bd5 39. g4 Nc8 40. Ne4 Nb6
41. Nd6 Nc8 42. Nc4 Kf8 43. Ne3 Ne7 44. Rf1 Nc6 45. Nxd5 Rd7 46. Nc7 Rxc7 47.
Be4 Rac8 48. Bxc6 Rxc6 49. Rd7 Rc2+ 50. Ke3 R8c3+ 51. Ke4 Rc4+ 52. Rd4 R4c3 53.
Rd7 Rc4+ 54. Kd3 R4c3+ 55. Ke4 Rc4+ 1/2-1/2

[Event "Liga Vasca 2010 - Division de Honor"]
[Site "Euskadi ESP"]
[Date "2010.03.06"]
[Round "8.34"]
[White "Gete Rodriguez, Isidro"]
[Black "Alcaide Rodriguez, Mikel"]
[Result "1-0"]
[WhiteElo "2132"]
[BlackElo "1794"]
[PlyCount "51"]
[EventDate "2010.01.09"]
[EventType "team"]
[EventRounds "9"]
[EventCountry "ESP"]
[Source "lmi"]
[SourceDate "2010.01.09"]

1. e4 c5 2. Nf3 d6 3. c3 Nc6 4. d4 Nf6 5. d5 Nb8 6. h3 Nbd7 7. Bd3 g6 8. Bg5
Bg7 9. Qd2 O-O 10. c4 Rb8 11. Nc3 a6 12. a4 Re8 13. O-O Qc7 14. Rfe1 b5 15.
axb5 axb5 16. Nxb5 Rxb5 17. cxb5 c4 18. Rac1 Qb7 19. Bxc4 Nc5 20. Bxf6 Bxf6 21.
e5 dxe5 22. Nxe5 Bxe5 23. Rxe5 Nd7 24. Re3 Nf6 25. Rce1 Qc7 26. Qd4 1-0

[Event "Liga Vasca 2010 - Division de Honor"]
[Site "Euskadi ESP"]
[Date "2010.03.06"]
[Round "8.41"]
[White "Conquest, Stuart C"]
[Black "Gallego Eraso, Francisco"]
[Result "1-0"]
[WhiteElo "2551"]
[BlackElo "2368"]
[PlyCount "55"]
[EventDate "2010.01.09"]
[EventType "team"]
[EventRounds "9"]
[EventCountry "ESP"]
[Source "lmi"]
[SourceDate "2010.01.09"]

1. d4 Nf6 2. c4 e6 3. Nf3 b6 4. g3 Bb7 5. Bg2 c5 6. d5 exd5 7. Nh4 g6 8. Nc3
Bg7 9. O-O O-O 10. cxd5 d6 11. e4 Na6 12. f4 Nc7 13. a4 Rb8 14. Bd2 a6 15. Kh1
Nd7 16. Qc2 b5 17. Nd1 bxa4 18. Ba5 Ba8 19. Rxa4 Nb6 20. Ra2 Nb5 21. f5 Nd4 22.
Qf2 Bf6 23. Ne3 Qe7 24. Ng4 g5 25. Nf3 Nxf3 26. Qxf3 Nc4 27. Bc3 Ne5 28. Bxe5
1-0

[Event "Liga Vasca 2010 - Division de Honor"]
[Site "Euskadi ESP"]
[Date "2010.03.06"]
[Round "8.42"]
[White "Sanz Perez, Eduardo"]
[Black "Del Rio Angelis, Salvador Gabriel"]
[Result "0-1"]
[WhiteElo "2149"]
[BlackElo "2544"]
[PlyCount "66"]
[EventDate "2010.01.09"]
[EventType "team"]
[EventRounds "9"]
[EventCountry "ESP"]
[Source "lmi"]
[SourceDate "2010.01.09"]

1. f4 d5 2. e3 c5 3. Nf3 e6 4. b3 Bd6 5. Bb2 f6 6. Be2 Ne7 7. O-O Nbc6 8. c4 d4
9. Qe1 O-O 10. Na3 Bc7 11. Bd3 dxe3 12. Qxe3 Nb4 13. Bb1 Nf5 14. Qe4 Bd7 15. g4
Re8 16. d4 Bc6 17. d5 Bd7 18. dxe6 Rxe6 19. Ne5 fxe5 20. gxf5 Rh6 21. fxe5 Qg5+
22. Qg2 Qxg2+ 23. Kxg2 Bc6+ 24. Kg3 Rd8 25. h4 Rd2 26. Bc3 Rg2+ 27. Kh3 Re2 28.
Kg4 Rh2 29. f6 R6xh4+ 30. Kg3 R4h3+ 31. Kg4 Bd7+ 32. Bf5 Rh4+ 33. Kg5 h6+ 0-1

[Event "Liga Vasca 2010 - Division de Honor"]
[Site "Euskadi ESP"]
[Date "2010.03.06"]
[Round "8.43"]
[White "Romero Holmes, Alfonso"]
[Black "Lakunza Oyarbide, Juan Carlos"]
[Result "1-0"]
[WhiteElo "2515"]
[BlackElo "2137"]
[PlyCount "33"]
[EventDate "2010.01.09"]
[EventType "team"]
[EventRounds "9"]
[EventCountry "ESP"]
[Source "lmi"]
[SourceDate "2010.01.09"]

1. d4 Nf6 2. Bg5 c5 3. Bxf6 gxf6 4. d5 Qb6 5. Qc1 Bh6 6. e3 Qd6 7. Qd2 Na6 8.
c4 b6 9. Nc3 Nc7 10. Ne4 Qe5 11. f4 Bxf4 12. Bd3 Bxe3 13. Qxe3 Qxb2 14. Rb1
Qxg2 15. Nd6+ Kd8 16. Nxf7+ Ke8 17. Be4 1-0

[Event "Liga Vasca 2010 - Division de Honor"]
[Site "Euskadi ESP"]
[Date "2010.03.06"]
[Round "8.44"]
[White "Segovia Sanchez, Antonio"]
[Black "Gomez Esteban, Juan Mario"]
[Result "0-1"]
[WhiteElo "1998"]
[BlackElo "2490"]
[PlyCount "66"]
[EventDate "2010.01.09"]
[EventType "team"]
[EventRounds "9"]
[EventCountry "ESP"]
[Source "lmi"]
[SourceDate "2010.01.09"]

1. d4 Nf6 2. Bf4 c5 3. e3 g6 4. c3 cxd4 5. exd4 Bg7 6. Nd2 O-O 7. Ngf3 Nc6 8.
Be2 Nh5 9. Bg5 h6 10. Be3 Nf6 11. Qc2 Nd5 12. O-O d6 13. Qb3 Nxe3 14. fxe3 e5
15. Rad1 Qe7 16. dxe5 Nxe5 17. Nxe5 Bxe5 18. Nf3 Bf6 19. Bc4 Kg7 20. Kh1 Bg4
21. Bd5 Qxe3 22. Rde1 Qc5 23. Nd4 Rae8 24. Rxe8 Rxe8 25. Bxf7 Re7 26. Bg8 Qh5
27. Ne6+ Bxe6 28. Bxe6 Be5 29. h3 Qg5 30. Bg8 Qg3 31. Rf7+ Kh8 32. Kg1 Qe3+ 33.
Kf1 Bg3 0-1

[Event "Liga Vasca 2010 - Division de Honor"]
[Site "Euskadi ESP"]
[Date "2010.03.13"]
[Round "9.11"]
[White "Loos, Roland"]
[Black "Franco Alonso, Alejandro"]
[Result "0-1"]
[WhiteElo "2309"]
[BlackElo "2472"]
[PlyCount "58"]
[EventDate "2010.01.09"]
[EventType "team"]
[EventRounds "9"]
[EventCountry "ESP"]
[Source "lmi"]
[SourceDate "2010.01.09"]

1. Nf3 Nf6 2. c4 e6 3. Nc3 b6 4. g3 Bb7 5. Bg2 Be7 6. O-O O-O 7. Re1 d5 8. cxd5
exd5 9. d4 Na6 10. Bf4 c6 11. Ne5 Nc7 12. Qa4 b5 13. Qc2 Ne6 14. Red1 Bd6 15.
Qd2 Re8 16. Bh3 Nxf4 17. Qxf4 Qe7 18. Rac1 a6 19. Qh4 Bxe5 20. dxe5 Qxe5 21. b4
a5 22. a3 axb4 23. axb4 Ne4 24. Nxe4 Qxe4 25. Bd7 Qxh4 26. gxh4 Re4 27. Bxc6
Bxc6 28. Rxc6 Rxb4 29. Rxd5 Rg4+ 0-1

[Event "Liga Vasca 2010 - Division de Honor"]
[Site "Euskadi ESP"]
[Date "2010.03.13"]
[Round "9.12"]
[White "Huerga Leache, Mikel"]
[Black "Hernandez Izaguirre, Eder"]
[Result "1-0"]
[WhiteElo "2435"]
[BlackElo "2106"]
[PlyCount "59"]
[EventDate "2010.01.09"]
[EventType "team"]
[EventRounds "9"]
[EventCountry "ESP"]
[Source "lmi"]
[SourceDate "2010.01.09"]

1. e4 d5 2. exd5 Qxd5 3. Nc3 Qa5 4. Bc4 Nf6 5. d3 c6 6. Qe2 Bg4 7. f3 Bf5 8. g4
Bg6 9. f4 h5 10. f5 Bh7 11. h3 Nbd7 12. Nf3 Bg8 13. g5 Nd5 14. Bxd5 cxd5 15.
Bd2 O-O-O 16. b4 Qxb4 17. Rb1 Qd6 18. Nb5 Qa6 19. Qh2 Qb6 20. a4 a6 21. a5 Qxb5
22. Rxb5 axb5 23. a6 b6 24. Nd4 e5 25. fxe6 fxe6 26. Nxb5 e5 27. c4 Nc5 28. O-O
Nxd3 29. Be3 d4 30. Qg2 1-0

[Event "Liga Vasca 2010 - Division de Honor"]
[Site "Euskadi ESP"]
[Date "2010.03.13"]
[Round "9.13"]
[White "Carasa del Portillo, Mikel"]
[Black "Gonzalez de la Torre, Santiago"]
[Result "0-1"]
[WhiteElo "2043"]
[BlackElo "2405"]
[PlyCount "56"]
[EventDate "2010.01.09"]
[EventType "team"]
[EventRounds "9"]
[EventCountry "ESP"]
[Source "lmi"]
[SourceDate "2010.01.09"]

1. c4 b6 2. Nc3 Bb7 3. e4 e6 4. Nge2 c5 5. g3 d6 6. Bg2 Nd7 7. O-O Be7 8. d3
Qc7 9. Be3 Ngf6 10. h3 O-O 11. Qd2 Rfe8 12. b3 a6 13. Rad1 Bf8 14. f4 g6 15. g4
b5 16. Ng3 d5 17. Nce2 bxc4 18. e5 d4 19. Bf2 c3 20. Qc1 Bxg2 21. Kxg2 Nd5 22.
Ne4 f6 23. exf6 N7xf6 24. Bg1 Bg7 25. N2g3 Rf8 26. Ng5 h6 27. N5e4 Nxe4 28.
dxe4 Nxf4+ 0-1

[Event "Liga Vasca 2010 - Division de Honor"]
[Site "Euskadi ESP"]
[Date "2010.03.13"]
[Round "9.14"]
[White "Argandoña Rivero, Iñigo"]
[Black "Urbieta Gabancho, Koldo"]
[Result "1-0"]
[WhiteElo "2382"]
[BlackElo "1983"]
[PlyCount "83"]
[EventDate "2010.01.09"]
[EventType "team"]
[EventRounds "9"]
[EventCountry "ESP"]
[Source "lmi"]
[SourceDate "2010.01.09"]

1. Nf3 d5 2. d4 Nf6 3. c4 c6 4. Nc3 a6 5. e3 Bf5 6. Bd2 e6 7. Nh4 Bg6 8. Nxg6
hxg6 9. c5 e5 10. dxe5 Nfd7 11. e6 fxe6 12. Qc2 Qf6 13. Bd3 Ne5 14. Be2 Nbd7
15. Na4 Qf5 16. Qb3 Rb8 17. f4 Qe4 18. Rg1 Rxh2 19. O-O-O Rxg2 20. Rxg2 Qxg2
21. Bf1 Qg4 22. fxe5 Bxc5 23. Nxc5 Nxc5 24. Qb6 Nd7 25. Qc7 Qe4 26. Bc3 Qxe3+
27. Bd2 Qb6 28. Qxb6 Nxb6 29. Ba5 Na8 30. Bh3 b6 31. Bd2 Nc7 32. Rf1 Rd8 33.
Rf4 Rd7 34. Rb4 b5 35. Rh4 Kf7 36. Bb4 g5 37. Rh8 d4 38. Bd6 b4 39. Bg4 Kg6 40.
Kd2 Nb5 41. Bh5+ Kf5 42. Rf8+ 1-0

[Event "Liga Vasca 2010 - Division de Honor"]
[Site "Euskadi ESP"]
[Date "2010.03.13"]
[Round "9.31"]
[White "Iruzubieta Villaluenga, Jesus M"]
[Black "Vachier Lagrave, Maxime"]
[Result "1/2-1/2"]
[WhiteElo "2416"]
[BlackElo "2730"]
[PlyCount "132"]
[EventDate "2010.01.09"]
[EventType "team"]
[EventRounds "9"]
[EventCountry "ESP"]
[Source "lmi"]
[SourceDate "2010.01.09"]

1. e4 c5 2. Nc3 a6 3. Nge2 b5 4. d4 cxd4 5. Nxd4 e6 6. Bd3 Bb7 7. O-O Nc6 8.
Nxc6 Bxc6 9. Re1 Bc5 10. a4 b4 11. Nd5 Ne7 12. Nxe7 Qxe7 13. Be3 O-O 14. Qh5 e5
15. Bxc5 Qxc5 16. Re3 Rae8 17. b3 Re6 18. Qe2 a5 19. Bc4 Rd6 20. Rd3 Rxd3 21.
cxd3 Qd4 22. Rd1 Rd8 23. Qe3 Qxe3 24. fxe3 Kf8 25. Kf2 d5 26. exd5 Bxd5 27.
Bxd5 Rxd5 28. d4 Ke7 29. Ke2 exd4 30. exd4 Kd6 31. Kd3 Rh5 32. h3 Rg5 33. g4 f5
34. gxf5 Kd5 35. Rf1 Rg3+ 36. Kc2 Kxd4 37. f6 gxf6 38. Rxf6 Rc3+ 39. Kb2 Rxh3
40. Rd6+ Ke5 41. Ra6 Rh2+ 42. Kc1 Kd4 43. Rxa5 Kc3 44. Rc5+ Kxb3 45. a5 Rh1+
46. Kd2 Ra1 47. Rb5 Ra4 48. Kc1 Ra1+ 49. Kd2 h6 50. Rh5 Kb2 51. Kd3 b3 52. Kc4
Ka3 53. Rh3 Rc1+ 54. Kb5 Rc8 55. Rxh6 Rb8+ 56. Kc6 b2 57. Rh1 Kb4 58. a6 Rc8+
59. Kb6 Rc1 60. Rh4+ Kc3 61. Rh3+ Kc4 62. Rh4+ Kd5 63. Rb4 b1=Q 64. Rxb1 Rxb1+
65. Kc7 Ra1 66. Kb7 Rxa6 1/2-1/2

[Event "Liga Vasca 2010 - Division de Honor"]
[Site "Euskadi ESP"]
[Date "2010.03.13"]
[Round "9.32"]
[White "Conquest, Stuart C"]
[Black "Ruiz Gomez, Alejandro"]
[Result "1/2-1/2"]
[WhiteElo "2551"]
[BlackElo "2357"]
[PlyCount "82"]
[EventDate "2010.01.09"]
[EventType "team"]
[EventRounds "9"]
[EventCountry "ESP"]
[Source "lmi"]
[SourceDate "2010.01.09"]

1. e4 e5 2. Nf3 Nc6 3. Bb5 a6 4. Ba4 Nf6 5. O-O Be7 6. Re1 b5 7. Bb3 d6 8. c3
O-O 9. h3 Na5 10. Bc2 c5 11. d4 Qc7 12. Nbd2 cxd4 13. cxd4 Nc6 14. Nb3 a5 15.
Be3 a4 16. Nbd2 Nb4 17. Bb1 Bd7 18. a3 Nc6 19. Ba2 Rab8 20. Rc1 Qb7 21. dxe5
Nxe5 22. Nxe5 dxe5 23. Nf3 Bc6 24. Nxe5 Bxe4 25. Bf4 Rbd8 26. Qe2 Bd5 27. Bxd5
Nxd5 28. Qf3 Bf6 29. Nc6 Rd7 30. Be5 Bxe5 31. Rxe5 Nf6 32. Qe2 Nd5 33. Rc5 Nf4
34. Qe4 Ng6 35. Red5 Rxd5 36. Qxd5 Ne7 37. Qd6 Nxc6 38. Rxc6 h6 39. Qc5 Rb8 40.
f3 Qd7 41. Qd6 Qe8 1/2-1/2

[Event "Liga Vasca 2010 - Division de Honor"]
[Site "Euskadi ESP"]
[Date "2010.03.13"]
[Round "9.33"]
[White "Limeres Guiance, Cristobal"]
[Black "Del Rio Angelis, Salvador Gabriel"]
[Result "1/2-1/2"]
[WhiteElo "2250"]
[BlackElo "2544"]
[PlyCount "51"]
[EventDate "2010.01.09"]
[EventType "team"]
[EventRounds "9"]
[EventCountry "ESP"]
[Source "lmi"]
[SourceDate "2010.01.09"]

1. d4 e6 2. c4 Nf6 3. Nc3 Bb4 4. e3 O-O 5. Nge2 d5 6. a3 Be7 7. cxd5 exd5 8. b4
Bf5 9. Ng3 Bg6 10. Bd3 Bxd3 11. Qxd3 Re8 12. O-O Nc6 13. Bd2 Qd7 14. f3 Rad8
15. Rad1 a6 16. Be1 Bf8 17. Bf2 a5 18. b5 Na7 19. a4 Nc8 20. Kh1 Nb6 21. Qc2
Bb4 22. Na2 Bd6 23. Nf5 Bf8 24. Ng3 Bd6 25. Nf5 Bf8 26. Ng3 1/2-1/2

[Event "Liga Vasca 2010 - Division de Honor"]
[Site "Euskadi ESP"]
[Date "2010.03.13"]
[Round "9.41"]
[White "Astasio Lopez, David"]
[Black "Miguel Quintero, Francisco"]
[Result "1-0"]
[WhiteElo "2303"]
[BlackElo "2258"]
[PlyCount "93"]
[EventDate "2010.01.09"]
[EventType "team"]
[EventRounds "9"]
[EventCountry "ESP"]
[Source "lmi"]
[SourceDate "2010.01.09"]

1. d4 g6 2. Nf3 Bg7 3. Nbd2 d6 4. e4 Nc6 5. Bb5 a6 6. Ba4 b5 7. Bb3 Na5 8. O-O
Nxb3 9. axb3 Nf6 10. Re1 O-O 11. b4 Bb7 12. c3 Rc8 13. Qc2 Nd7 14. Nb3 e5 15.
Na5 Ba8 16. d5 h6 17. Be3 f5 18. Nc6 Qe8 19. exf5 gxf5 20. Rxa6 Nf6 21. c4 Bb7
22. Ra5 Bxc6 23. dxc6 Qxc6 24. Rxb5 Ng4 25. Rd5 Rce8 26. b5 Qd7 27. h3 Nf6 28.
Rdd1 f4 29. Bd2 e4 30. Nh4 f3 31. Bc3 fxg2 32. Bxf6 Qxh3 33. Nxg2 Rxf6 34. Rxe4
Rxe4 35. Qxe4 Rf5 36. Ra1 Qf3 37. Ra8+ Kh7 38. Qxf3 Rxf3 39. Ra7 Rb3 40. Rxc7
Rxb2 41. Rd7 Rd2 42. c5 Rd4 43. c6 Rb4 44. c7 Rc4 45. Nf4 Rc1+ 46. Kg2 Rc2 47.
Kf1 1-0

[Event "Liga Vasca 2010 - Division de Honor"]
[Site "Euskadi ESP"]
[Date "2010.03.13"]
[Round "9.42"]
[White "Miguel Quintero, Antonio"]
[Black "Perez de Miguel, Alvaro"]
[Result "0-1"]
[WhiteElo "2181"]
[BlackElo "2193"]
[PlyCount "66"]
[EventDate "2010.01.09"]
[EventType "team"]
[EventRounds "9"]
[EventCountry "ESP"]
[Source "lmi"]
[SourceDate "2010.01.09"]

1. d4 d5 2. c4 c6 3. Nf3 Nf6 4. Nc3 e6 5. Bg5 Nbd7 6. e3 Be7 7. cxd5 cxd5 8.
Bd3 O-O 9. Qc2 a6 10. O-O h6 11. Bf4 b5 12. a3 Bb7 13. Rac1 Rc8 14. Ne5 Nb6 15.
g4 Nc4 16. Qe2 Nd7 17. Nxc4 dxc4 18. Be4 Bxe4 19. Nxe4 Nb6 20. Qf3 Qd5 21. Kg2
g5 22. Bg3 f5 23. gxf5 exf5 24. Nd2 f4 25. exf4 gxf4 26. Ne4 fxg3 27. Qg4+ Kh7
28. hxg3 Rg8 29. Qe2 Rce8 30. Rce1 Qf5 31. Rh1 Nd5 32. Qd2 Rg6 33. Rh4 Bxh4 0-1

[Event "Liga Vasca 2010 - Division de Honor"]
[Site "Euskadi ESP"]
[Date "2010.03.13"]
[Round "9.43"]
[White "Villalta Bustillo, Igor"]
[Black "Alcaide Luque, Aitor"]
[Result "1/2-1/2"]
[WhiteElo "2157"]
[BlackElo "2144"]
[PlyCount "68"]
[EventDate "2010.01.09"]
[EventType "team"]
[EventRounds "9"]
[EventCountry "ESP"]
[Source "lmi"]
[SourceDate "2010.01.09"]

1. d4 e6 2. Nf3 d5 3. Bf4 c5 4. c3 Qb6 5. Nbd2 Nc6 6. e3 Nf6 7. Qc2 Bd7 8. Bd3
Rc8 9. a3 Be7 10. h3 h6 11. Rb1 cxd4 12. exd4 a5 13. Qd1 a4 14. O-O O-O 15. Ne5
Nxe5 16. dxe5 Ne8 17. Bc2 Bb5 18. Re1 f6 19. Nf3 f5 20. Nd4 Bc5 21. Be3 Bxd4
22. Bxd4 Qc6 23. g4 Nc7 24. Re3 Qe8 25. Rf3 fxg4 26. Rxf8+ Qxf8 27. Qxg4 Be8
28. Be3 h5 29. Qh4 Na6 30. Kh2 Rc4 31. Bd4 Nc5 32. Rg1 Ne4 33. Bd3 Nd2 34. Be2
Nf3+ 1/2-1/2